| 000 | 00894cam a22002174a 4500 | ||
|---|---|---|---|
| 005 | 20250605164057.0 | ||
| 008 | 250528s ||||||||||||||||||||||||d | ||
| 035 | _a17513 | ||
| 020 | _a419258604 | ||
| 040 |
_aGR-AtMCL _bgre _dGR-AtMCL _eAACR2 |
||
| 245 | 1 | _aConstruction Materials / Their Nature and Behaviour: Third Edition | |
| 250 | _a3rd | ||
| 260 |
_bSpon Press, _c2001 |
||
| 300 | _a556 | ||
| 520 | _aThis book provides a comprehensive coverage of the main construction materials for undergraduate and graduate students of civil engineering, construction and related courses. Acknowledgements, Preface, Fundamentals, Metals and Alloys, Concrete, Bituminous Materials, Brickwork and Blockwork, Polymers, Fibre Composites, Timber, Further Reading, Index. | ||
| 700 | 1 |
_aDomone P.L. J _93655 |
|
| 700 | 1 |
_aIllston J. M _93656 |
|
| 942 | _cBK | ||
| 999 |
_c2921 _d2921 |
||